Schaum's outline of theory and problems of engineering mechanics (Record no. 16110)

MARC details
000 -LEADER
fixed length control field 00791nam a2200253Ia 4500
003 - CONTROL NUMBER IDENTIFIER
control field IN-BaIIA
008 - FIXED-LENGTH DATA ELEMENTS--GENERAL INFORMATION
fixed length control field 211028s9999 xx 000 0 eng d
020 ## - INTERNATIONAL STANDARD BOOK NUMBER
International Standard Book Number 0-07-044816-7
040 ## - CATALOGING SOURCE
Transcribing agency IIA Library
080 ## - UNIVERSAL DECIMAL CLASSIFICATION NUMBER
Universal Decimal Classification number 531
Item number MCL
100 ## - MAIN ENTRY--PERSONAL NAME
Personal name Mclean, W. G.
9 (RLIN) 10560
245 #0 - TITLE STATEMENT
Title Schaum's outline of theory and problems of engineering mechanics
Remainder of title statics and dynamics
Statement of responsibility, etc. W. G. Mclean and E. W. Nelson
250 ## - EDITION STATEMENT
Edition statement 2nd ed.
260 ## - PUBLICATION, DISTRIBUTION, ETC.
Place of publication, distribution, etc. New York
Name of publisher, distributor, etc. Schaum Publishing
Date of publication, distribution, etc. 1962
300 ## - PHYSICAL DESCRIPTION
Extent 355p.
490 ## - SERIES STATEMENT
Series statement Schaum's outline series
500 ## - GENERAL NOTE
General note Xerox copy
650 ## - SUBJECT ADDED ENTRY--TOPICAL TERM
Topical term or geographic name entry element Celestial mechanics
650 ## - SUBJECT ADDED ENTRY--TOPICAL TERM
Topical term or geographic name entry element Mechanice
9 (RLIN) 29808
650 ## - SUBJECT ADDED ENTRY--TOPICAL TERM
Topical term or geographic name entry element Quantum dynamics
9 (RLIN) 10561
650 ## - SUBJECT ADDED ENTRY--TOPICAL TERM
Topical term or geographic name entry element Quantum mechanics
700 ## - ADDED ENTRY--PERSONAL NAME
Personal name Nelson, E. W.
9 (RLIN) 29809
942 ## - ADDED ENTRY ELEMENTS (KOHA)
Koha item type Books
Holdings
Withdrawn status Lost status Damaged status Not for loan Home library Current library Shelving location Date acquired Total Checkouts Full call number Barcode Date last seen Price effective from Koha item type
        IIA Library-Bangalore IIA Library-Bangalore General Stacks 15/02/2006   531/ MCL 17032 05/11/2021 15/02/2006 Books

Powered by Koha